Shakesear othello / (Record no. 123770)

MARC details
000 -LEADER
fixed length control field 00642nam a22002177a 4500
005 - DATE AND TIME OF LATEST TRANSACTION
control field 20170124105930.0
010 ## - LIBRARY OF CONGRESS CONTROL NUMBER
LC control number A-825797
020 ## - INTERNATIONAL STANDARD BOOK NUMBER
International Standard Book Number 0521395763
Terms of availability 00.00
035 ## - SYSTEM CONTROL NUMBER
System control number A-825797
037 ## - SOURCE OF ACQUISITION
Source of stock number/acquisition Cen Lib/Ret
040 ## - CATALOGING SOURCE
Original cataloging agency DPL
Language of cataloging EN
082 ## - DEWEY DECIMAL CLASSIFICATION NUMBER
Classification number 882.33
Item number SHA
245 ## - TITLE STATEMENT
Title Shakesear othello /
Statement of responsibility, etc edited by Jane Coles
260 ## - PUBLICATION, DISTRIBUTION, ETC. (IMPRINT)
Place of publication, distribution, etc Cambridge
Name of publisher, distributor, etc Cambridge university press
Date of publication, distribution, etc 1992
270 ## - ADDRESS
Address Cambridge
City Cambridge
300 ## - PHYSICAL DESCRIPTION
Extent 236p. :
Dimensions 22cm(Hb)
Other physical details ill.
650 ## - SUBJECT ADDED ENTRY--TOPICAL TERM
Topical term or geographic name as entry element Othello-cambridge school Shakespear
9 (RLIN) 7969
650 ## - SUBJECT ADDED ENTRY--TOPICAL TERM
Topical term or geographic name as entry element Shakespear -- William
9 (RLIN) 90126
700 ## - ADDED ENTRY--PERSONAL NAME
Personal name Coles,Jane
9 (RLIN) 7971
942 ## - ADDED ENTRY ELEMENTS (KOHA)
Source of classification or shelving scheme Dewey Decimal Classification
Koha item type English Books
Classification part 882.33
Call number suffix SHA
Holdings
Withdrawn status Lost status Damaged status Not for loan Home library Current library Date acquired Source of acquisition Cost, normal purchase price Total Checkouts Full call number Barcode Date last seen Copy number Cost, replacement price Price effective from Koha item type Public note
Written off       Central Library Central Library 12/06/2015 Cen Lib/Ret 0.00   882.33 SHA A-825797 12/06/2015 1 0.00 12/06/2015 English Books W/d List 8138/18; dtd 21/2/17

© Delhi Public Library
Hit Counter
free hit counter